A study of the interpretation of trends in multiple curve graphs of ecological situations (Record no. 77511)

MARC details
000 -CABECERA
campo de control de longitud fija 00700nam a2200241 a 4500
005 - FECHA Y HORA DE LA ÚLTIMA TRANSACCIÓN
campo de control 20210219153448.0
008 - ELEMENTOS DE LONGITUD FIJA--INFORMACIÓN GENERAL
campo de control de longitud fija 991125n 000 0 u
035 ## - NÚMERO DE CONTROL DEL SISTEMA
Número de control de sistema UPN01000101180
100 ## - ASIENTO PRINCIPAL--NOMBRE PERSONAL
Nombre de persona Preece, Jenny
222 ## - TÍTULO CLAVE
Título clave SCHOOL SCIENCE AND MATHEMATICS
245 ## - MENCIÓN DE TÍTULO
Título A study of the interpretation of trends in multiple curve graphs of ecological situations
300 ## - DESCRIPCIÓN FÍSICA
Extensión 299-306
362 ## - FECHAS DE PUBLICACIÓN Y/O DESIGNACIÓN SECUENCIAL
Fecha de publicación y/o designación secuencial 92, No. 6, 1992
505 ## - NOTA DE CONTENIDO CON FORMATO PREESTABLECIDO
Nota de contenido con formato Abril 1993
653 0# - TERMINO DE INDIZACION - NO CONTROLADO
Término no controlado DESTREZAS EN LA INTERPRETACION
653 0# - TERMINO DE INDIZACION - NO CONTROLADO
Término no controlado DIAGRAMAS
653 0# - TERMINO DE INDIZACION - NO CONTROLADO
Término no controlado EFECTOS DEL CONTEXTO
653 0# - TERMINO DE INDIZACION - NO CONTROLADO
Término no controlado ESTILO COGNOSCITIVO
653 0# - TERMINO DE INDIZACION - NO CONTROLADO
Término no controlado PROCESOS COGNITIVOS
700 ## - ASIENTO SECUNDARIO--NOMBRE DE PERSONAL
Nombre de persona Janvier, Claude
904 ## - ELEMENTOS DE DATOS D LOCAL, LDD (RLIN)
a AC
b 038991
905 ## - TIPO DE MATERIAL
Tipo de material Articulo

No items available.